Normal view
MARC view
- Bakhuri, Abu abdullah muhammad bin ismail
Entry Personal Name
001 - CONTROL NUMBER
- control field: 47128
003 - CONTROL NUMBER IDENTIFIER
- control field: NUST
005 - DATE AND TIME OF LATEST TRANSACTION
- control field: 20210314133725.0
008 - FIXED-LENGTH DATA ELEMENTS
- fixed length control field: 210314|| aca||aabn | a|a d
040 ## - CATALOGING SOURCE
- Original cataloging agency: NUST
- Transcribing agency: NUST
100 ## - HEADING--PERSONAL NAME
- Personal name: Bakhuri, Abu abdullah muhammad bin ismail
670 ## - SOURCE DATA FOUND
- Source citation: Work cat.: (NUST): Bakhuri, Abu abdullah muhammad bin ismail, صحیح بخاری شریف
